| 000 | 01007nam a2200253 a 4500 | ||
|---|---|---|---|
| 001 | 83589 | ||
| 003 | BD-RjUL | ||
| 005 | 20240425113348.0 | ||
| 008 | 240425s2009 bg a|||| m||| 00| 0 eng d | ||
| 035 | _a(BD-RjUL)83589 | ||
| 040 |
_aBD-RjUL _beng _cBD-RjUL _dBD-RjUL |
||
| 041 | _aeng | ||
| 082 |
_223 _a572.5 _bKAC 2009 |
||
| 100 |
_aKader, Md. Golam _912724 |
||
| 245 | 1 | 0 |
_aChemical and Biological Studies on Zingiber Zerumbet / _cBy Md. Golam Kader ; _6Supervisor : Tanzima Yeasmin, Supervisor : Farjana Nikkon |
| 260 |
_aRajshahi : _bDepartment of Biochemistry and Molecular Biology, University of Rajshahi, _c2009 |
||
| 300 |
_axii, 146 Leaves : _bill, ; _c29 cm. |
||
| 502 | _aThesis (Ph. D.) -- Department of Biochemistry and Molecular Biology, University of Rajshahi, 2009 | ||
| 504 | _aReferences : Leaves 137-146 | ||
| 650 |
_aBiochemistry _vMiscellaneous Chemicals _912725 |
||
| 700 |
_aYeasmin, Tanzima, Supervisor _97096 |
||
| 700 |
_aNikkon, Farjana, Supervisor _912726 |
||
| 942 |
_2ddc _cTHE |
||
| 999 |
_c83589 _d83589 |
||